| 000 | 01137cam a22003497a 4500 | ||
|---|---|---|---|
| 003 | CHAP | ||
| 005 | 20220329134427.0 | ||
| 008 | 971013s1977 r 00010 d | ||
| 010 | _a20332 | ||
| 011 | _a21304 | ||
| 035 | _a25394 | ||
| 040 | _cCHAP | ||
| 090 | _aFolleto 6628 | ||
| 100 | 0 | 0 |
_aArdiles, Osvaldo A. _96851 |
| 245 | 1 | 3 | _aLa descripción fenomenológica |
| 260 |
_aMéxico, D.F. : _bANUIES, _c1977 |
||
| 300 | _a77 p | ||
| 490 | 0 | _aTemas básicos. Filosofía | |
| 590 |
_aBATCH-UPD _b10 _c20130110 _lUCH01 _h0149 |
||
| 590 |
_aBATCH-UPD _b10 _c20130110 _lUCH01 _h2238 |
||
| 590 |
_aBATCH-UPD _b10 _c20130409 _lUCH01 _h2149 |
||
| 590 |
_aBATCH-UPD _b10 _c20130410 _lUCH01 _h1533 |
||
| 590 |
_aBATCH-UPD _b10 _c20130914 _lUCH01 _h1355 |
||
| 590 |
_aCONVERSION _b10 _c20130109 _lUCH01 _h1312 |
||
| 650 | 1 | 4 |
_aFenomenología. _940044 |
| 830 | 0 |
_aTemas básicos. Filosofía _9112132 |
|
| 901 | _aBK | ||
| 942 | _cFOLL | ||
| 949 |
_aFolleto 6628 _bBC _cFOLL _d-58509 _eTS1 _i25394 _si _t25.00 |
||
| 949 |
_aFolleto 6628 _bBC _cFOLL _d-58510 _eTS2 _fc.2 _i25394 _si _t25.00 |
||
| 949 |
_aFolleto 6628 _bBC _cFOLL _d-58511 _eTS2 _fc.3 _i25394 _si _t25.00 |
||
| 999 |
_c20332 _d20332 |
||